000 00574nam a22001937a 4500
003 MPLRDC
005 20220105061154.0
008 210129b ||||| |||| 00| 0 eng d
020 _a978-986-5956-59-2
082 _a225.4 XCLZJ
100 _a小池龙之介 RYUNOSUKE KOIKE
245 _a小池龙之介教你不被情绪绑架的平常心
_c严可婷 译
250 _a初版一刷
260 _a台湾
_b漫游者文化事业股份有限公司
_c2013
300 _b
520 _a新书上架 2018-09-16。
650 _a佛教说法
942 _cBK
_o225.4 XCLZJ
999 _c69904
_d69894